Reglamentación Nacional del Trabajo en la Enseñanza no Estatal
Descripción Física:
30 cm
Otros Autores:
Servicio Español del Profesorado de Enseñanza Media
MARC
| LEADER | 00000nam a2200000Ia 4500 | ||
|---|---|---|---|
| 001 | 22145 | ||
| 008 | 160829s1950 xx 000 0 cat d | ||
| 080 | |a 4203, exp. 137 | ||
| 245 | |a Reglamentación Nacional del Trabajo en la Enseñanza no Estatal | ||
| 260 | |a [Madrid] : |b Servicio Español del Profesorado de Enseñanza Media, |c 1950 | ||
| 300 | |a 30 cm | ||
| 650 | |a Ensenyament |x Dret i legislació |x Espanya |9 48247 | ||
| 650 | |a Professors |x Situació legal, lleis, etc. |x Espanya |9 48248 | ||
| 650 | |a Escoles privades |x Personal |x Situació legal, lleis, etc. |x Espanya |9 48249 | ||
| 700 | |a Servicio Español del Profesorado de Enseñanza Media |9 48250 | ||
| 901 | |a Arxiu | ||
| 942 | |n 1 | ||
| 952 | |0 0 |1 0 |4 0 |6 4203_EXP_137 |7 1 |9 54421 |a Arxiu |b Arxiu |d 2016-12-01 |l 0 |o 4203, exp. 137 |p 22145 |r 2016-12-01 00:00:00 |w 2016-12-01 |y ARXIU | ||
| 999 | |c 58290 |d 58290 | ||